000 00849cab a2200241 4500
001 ABS58372
008 090401t1998 xxu||||| |||| 00| 0 eng d
035 _a(Sirsi) u84599
041 _aeng
100 _aEden, S
245 _aTaxing times ahead for the Scots
260 _c1998
350 _a0
490 _aScots Law Times
_vSLT (8) 27 February 1998, 57-61(5)
520 _aAnalyses the proposed tax varying powers of the Scottish Parliament , in particular who, and what income, will be liable. Suggests that the basic scheme is fairly clear and workable and liable to impose substantial costs on employers of Scottish taxpayers if the power is exercised.
650 _aSCOTLAND BILL 1997
650 _aSCOTLAND
650 _aTAX VARYING POWERS
650 _aTAXATION
690 _aTAXATION
942 _n0
948 _c27/02/1998
999 _c53181
_d53181